Countries Producing the Most Almonds (2012) - Statistics

General Stats
  • This quiz has been taken 779 times
  • The average score is 14 of 20
Answer Stats
1000 tonnes country % Correct
720 United States
98%
43 China
90%
90 Italy
87%
215 Spain
87%
75 Turkey
84%
29 Greece
81%
100 Iran
79%
34 Algeria
75%
99 Morocco
75%
143 Australia
70%
70 Tunisia
70%
9 Israel
68%
86 Syria
68%
32 Libya
67%
21 Pakistan
67%
26 Lebanon
60%
25 Chile
54%
62 Afghanistan
49%
20 Uzbekistan
39%
9 Palestine
23%
No matching quizzes found
Score Distribution
Percent of People with Each Score
Percentile by Number Answered
Your Score History
You have not taken this quiz